MARC details
| 000 -CABECERA |
| campo de control de longitud fija |
01173cam a2200301 a 4500 |
| 001 - NÚMERO DE CONTROL |
| campo de control |
000005758 |
| 005 - FECHA Y HORA DE LA ÚLTIMA TRANSACCIÓN |
| campo de control |
20200929151755.0 |
| 008 - DATOS DE LONGITUD FIJA--INFORMACIÓN GENERAL |
| campo de control de longitud fija |
811208s1975 uy b f001 0 spa |
| 040 ## - FUENTE DE LA CATALOGACIÓN |
| Centro catalogador/agencia de origen |
DO-SdBNP |
| Centro/agencia transcriptor |
DLC |
| Centro/agencia modificador |
DLC |
| 082 ## - NÚMERO DE LA CLASIFICACIÓN DECIMAL DEWEY |
| Número de clasificación |
989.504 |
| Número de documento/Ítem |
I38 |
| 245 03 - MENCIÓN DE TÍTULO |
| Título |
La Independencia nacional / |
| Mención de responsabilidad, etc. |
Francisco Bauza ... [et al.]. |
| 260 ## - PUBLICACIÓN, DISTRIBUCIÓN, ETC. |
| Lugar de publicación, distribución, etc. |
Montevideo, Uruguay : |
| Nombre del editor, distribuidor, etc. |
Ministerio de Educación y Cultura, |
| Fecha de publicación, distribución, etc. |
1975. |
| 300 ## - DESCRIPCIÓN FÍSICA |
| Extensión |
v. ; |
| Dimensiones |
19 cm. |
| 490 1# - MENCIÓN DE SERIE |
| Mención de serie |
Biblioteca Artigas. |
| 490 1# - MENCIÓN DE SERIE |
| Mención de serie |
Clásicos uruguayos |
| Designación de volumen o secuencia |
145 |
| 504 ## - NOTA DE BIBLIOGRAFÍA, ETC. |
| Nota de bibliografía, etc. |
Incluye referencias bibliográficas |
| 651 #4 - PUNTO DE ACCESO ADICIONAL DE MATERIA--NOMBRE GEOGRÁFICO |
| Nombre geográfico |
Uruguay |
| Subdivisión general |
Historia |
| Subdivisión cronológica |
1811-1830 |
| 9 (RLIN) |
16299 |
| 651 #4 - PUNTO DE ACCESO ADICIONAL DE MATERIA--NOMBRE GEOGRÁFICO |
| Nombre geográfico |
Uruguay |
| Subdivisión general |
Historia |
| -- |
Independencia |
| Subdivisión cronológica |
1810-1828 |
| 9 (RLIN) |
16294 |
| 700 1# - PUNTO DE ACCESO ADICIONAL--NOMBRE DE PERSONA |
| Nombre de persona |
Bauza, Francisco, |
| Fechas asociadas al nombre |
1849-1899. |
| 9 (RLIN) |
16267 |
| 700 1# - PUNTO DE ACCESO ADICIONAL--NOMBRE DE PERSONA |
| Nombre de persona |
Ramírez, José P. |
| Forma completa/desarrollada del nombre |
(Pedro José Ramírez Codina), |
| Fechas asociadas al nombre |
1952- |
| 9 (RLIN) |
16300 |
| 700 1# - PUNTO DE ACCESO ADICIONAL--NOMBRE DE PERSONA |
| Nombre de persona |
Vedia, Agustín de, |
| Fechas asociadas al nombre |
1843-1910. |
| 9 (RLIN) |
16301 |
| 700 1# - PUNTO DE ACCESO ADICIONAL--NOMBRE DE PERSONA |
| Nombre de persona |
Espalter, José, |
| Fechas asociadas al nombre |
1868-1940. |
| 9 (RLIN) |
16302 |
| 700 1# - PUNTO DE ACCESO ADICIONAL--NOMBRE DE PERSONA |
| Nombre de persona |
Gallinal, Gustavo, |
| Fechas asociadas al nombre |
1889-1951. |
| 9 (RLIN) |
16303 |
| 700 1# - PUNTO DE ACCESO ADICIONAL--NOMBRE DE PERSONA |
| Nombre de persona |
San Martín, Juan Zorrilla de, |
| Numeración |
1855-1931. |
| 9 (RLIN) |
16304 |
| 700 1# - PUNTO DE ACCESO ADICIONAL--NOMBRE DE PERSONA |
| Nombre de persona |
Ferreiro, Felipe. |
| 9 (RLIN) |
16305 |
| 830 #0 - PUNTO DE ACCESO ADICIONAL DE SERIE-TÍTULO UNIFORME |
| Título uniforme |
Biblioteca Artigas. |
| Nombre de parte o sección de la obra |
Clásicos uruguayos ; |
| Designación de volumen o secuencia |
145 |
| 9 (RLIN) |
16276 |
| 910 ## - DATOS DE OPCIÓN DEL USUARIO (OCLC) |
| Datos de opción del usuario |
Catalogación por copia / LC |